LIBRARY & INFORMATION CENTRE, KCAET, TAVANUR

ONLINE PUBLIC ACCESS CATALOGUE (OPAC)

Normal view MARC view
  • Punmia,B C

Entry Personal Name

Number of records used in: 1

001 - CONTROL NUMBER

  • control field: 194

003 - CONTROL NUMBER IDENTIFIER

  • control field: OSt

005 - DATE AND TIME OF LATEST TRANSACTION

  • control field: 20141210160555.0

008 - FIXED-LENGTH DATA ELEMENTS

  • fixed length control field: 141210|| aca||aabn | a|a d

040 ## - CATALOGING SOURCE

  • Original cataloging agency: OSt
  • Transcribing agency: OSt

100 ## - HEADING--PERSONAL NAME

  • Personal name: Punmia,B C

670 ## - SOURCE DATA FOUND

  • Source citation: Work cat.: (OSt): Punmia,B C Ashok Kumar Jain Arun K Jain , Water Supply Engineering: Environmental Engineering- 1, 2012
free website counter